00949 2200313 4500001002100000005001500021035002000036007000300056008004100059020002200100040002200122082001500144084001700159090002200176100003600198245009000234250003400324300003100358650002000389700002800409504003500437264003400472336002100506337003000527338002400557850001200581990002200593990002000615INLIS00000000085667620240910094140 a0010-0121000014ta210126s2020 yoi g ind d a978-623-7212-23-2 aYOPDYOGbindcrda04223a808.84 a808.84 ACM p aCB.D-11 2020-03031 aAcmad Charris ZubairePengarang10aPanggung sandiwara kehidupan manusia :besai-esai reflektif /cAchmad Charris Zuabair aCetakan pertama, Januari 2020 aviii, 516 halaman ;c21 cm 4aEsai-- kumpulan0 aHerdananta Yoga Pratama aBibliografi : halaman 507-51631aBantul :bLintas Nalar,c2020 2rdacontentateks 2rdamediaatanpa perantara 2rdacarrieravoulume aYOPDYOG aCB-D.11/2020-0303 a72738-PD/A.2024